00316 a2200097 4500001001000000005001700010008004100027245004900068100003400117773006700151ART_2590920260410161603.0260409a 10aLa contabilidad y los métodos analíticos1 aGarcía Casella, Carlos Luis0 tProfesional & Empresariag- Año V, Nº 59 (ago. 2004)wREV70